| 000 | 00816nam a22002177a 4500 | ||
|---|---|---|---|
| 999 |
_c2619 _d2619 |
||
| 003 | OSt | ||
| 005 | 20230801113055.0 | ||
| 008 | 230801b ||||| |||| 00| 0 eng d | ||
| 020 | _a9789671967614 | ||
| 040 | _cKH8 | ||
| 082 | _a400 SYA | ||
| 100 |
_aSyahril Othman, _eauthor. |
||
| 245 |
_aIGCSE Malay Listening : _bStudent. Volume 1 / _cSyahril Othman. |
||
| 250 | _aFirst edition | ||
| 300 |
_a132 pages, _billustrations, _c29.3 cm x 20.3 cm. |
||
| 440 |
_aIGCSE Malay Listening _v1 |
||
| 520 | _aAll of these IGCSE Malay workbooks are suitable for all students who are taking lessons based on the Malay IGCSE syllabus. The format designed is able to help students to enhance their skills in producing exam-based. | ||
| 651 |
_aMalaysia _vMalay language |
||
| 651 |
_aMalaysia _vMalay grammar |
||
| 942 |
_2ddc _cTR |
||